000 01472nam a22002297a 4500
001 3785
003 FISKH
005 20260311143857.0
008 240507b cb ||||| |||| 00| 0 eng d
040 _aFISK
_beng
_cFISK
_dFISK
082 _a612.65
100 _aDr Jessen Christian
_d1977-
245 _aDr Christian's guide to growing up online /
_cDr Christian Jessen
260 _aLondon :
_bChildren's Books,
_c2018
300 _a144 pages :
_bcolor illustrations,
_c21 cm
505 _aK
520 _a The ULTIMATE online survival guide! Dr Christian, TV's favourite doctor, tackles all your awkward questions head-on, helping you find out how to stay safe growing up in a digital world. From cyberbullying to binge-watching TV, from group chats to your digital footprint, this book contains REAL answers to REAL questions. Perfect for children and parents alike! TOPICS COVERED: cyberbullying online grooming feeling left out on social media binge-watching TV unauthorised sharing of personal photos and information dealing with strangers online digital footprints keeping passwords private dealing with nasty social media and text messages feeling angry about online discussions what's a Finsta? coping with catfishing dealing with anxiety family agreements and contracts chatbots making friends in real life combatting trolls grooming
521 8 _aestimates,
_bLexile NP
700 _aDr Christian Jessen
942 _2ddc
_cBK
_n0
999 _c3785
_d3785